000 00929nam0a22002171 4500
001 rc\4700812
005 20250612005730.0
035 _a(NLR Aleph) 008432724
090 _a9427692
_c9427692
100 _a20130416d1957 |||y0rusy50 ca
101 0 _arus
102 _aRU
105 _ay z |||||
200 1 _aПрограмма и условия Всесоюзного конкурса на лучший проект памятника Владимиру Ильичу Ленину в г. Москве
_fГос. ком. Совета Министров СССР по делам строительства. Мосгорисполком. Союз сов. художников СССР. Союз архитекторов СССР
210 _aМосква
_cГосстройиздат
_d1957
215 _a4 с.
_d22
801 0 _aRU
_bNLR
_gpsbo
801 1 _aRU
_bELAR
_2rusmarc
852 _aNLR
_j57-6/6686
942 _cBOOK
980 _aNB